Geología de campo
-д хадгалсан:
| Үндсэн зохиолч: | |
|---|---|
| Формат: | Ном |
| Хэл сонгох: | испани |
| Хэвлэсэн: |
Ciudad de México, México
Pax
1970
|
| Нөхцлүүд: | |
| Шошгууд: |
Шошго нэмэх
Шошго байхгүй, Энэхүү баримтыг шошголох эхний хүн болох!
|
MARC
| LEADER | 00000nam a2200000 a 4500 | ||
|---|---|---|---|
| 001 | UCU1747 | ||
| 003 | CL-VaPUC | ||
| 005 | 20250228145856.0 | ||
| 008 | 960412e19700000MX |||||||||||||||||spa|d | ||
| 999 | |c 246263 |d 246261 | ||
| 040 | |c Pontificia Universidad Católica de Valparaíso | ||
| 082 | 0 | 4 | |a 551 COM 1970 |2 21 |
| 100 | 0 | |a Compton, Robert R |9 357475 | |
| 245 | 1 | 0 | |a Geología de campo |
| 260 | 0 | 3 | |a Ciudad de México, México |b Pax |c 1970 |
| 300 | |a 478 páginas | ||
| 583 | |a last modification |c 19960412 00:00:00 |k Rodrigo Vera | ||
| 650 | 0 | |a Geología |9 260984 | |
| 650 | 0 | |a Mapas |9 260844 | |
| 650 | 7 | |a ROCAS SEDIMENTARIAS |2 CL-VaPUC |9 261673 | |
| 650 | 0 | |a Rocas volcánicas |9 357476 | |
| 650 | 7 | |a ROCAS IGNEAS |2 CL-VaPUC |9 357477 | |
| 650 | 7 | |a ROCAS PLUTONICAS |2 CL-VaPUC |9 357478 | |
| 650 | 7 | |a ROCAS METAMORFICAS |2 CL-VaPUC |9 262681 | |
| 942 | |c BK |2 ddc | ||
| 945 | |d 19960412 00:00:00 |a rleighto | ||
| 952 | |0 0 |1 0 |2 ddc |4 0 |6 551_000000000000000_COM_1970 |7 0 |8 A |9 261080 |a BIBCUR |b BIBCUR |c PAC |d 2019-11-19 |i 318871K |o 551 COM 1970 |p 318871K |r 2025-04-22 |t 1 |w 2019-11-19 |y BK |k BCB | ||
| 952 | |0 0 |1 0 |2 ddc |4 0 |6 551_000000000000000_COM_1970 |7 0 |8 A |9 261081 |a BIBING |b BIBING |d 2019-11-19 |i 1658999 |o 551 COM 1970 |p 1658999 |r 2025-01-20 |t 3 |w 2019-11-19 |y BK |k CCL | ||
| 952 | |0 0 |1 0 |2 ddc |4 0 |6 551_000000000000000_COM_1970 |7 0 |8 A |9 261082 |a BIBCUR |b BIBCUR |d 2019-11-19 |i 1793667 |o 551 COM 1970 |p 1793667 |r 2025-04-22 |t 2 |w 2019-11-19 |y BK |k BIO | ||